00730nam a2200217 i 4500001000700000003000900007007000300016008004100019080002500060100002800085245005600113260004200169300002200211490001600233500002900249650003600278830002400314852003300338999001900371952012200390106043ES-MaACLt|060922s1970 fr ||||1| fre d a338.45(100):665.6/.71 aBauchard, Denis.92650313aLe jeu mondial des pétroliers / cDenis Bauchard. aParis : bEditions du Seuil, c[1970] a143 p. ; c18 cm.1 aSociété aBiblioteca Juan Andrade.14aIndustria petrolífera.9137310 aSociété9232805 aES-MaACLjAND-823 bR.110115 c106043d106043 00104070aATENEOMbATENEOMcDEPO2d2008-01-17eSCl0oAND-823p1110705r2023-02-23 00:00:00w2023-02-23yMONOGRAFIA